000 01309nam a2200325 a 4500
001 ebr10678042
003 CaPaEBR
006 m u
007 cr cn|||||||||
008 081119s2009 nyu sb 001 0 eng d
010 _z 2008050565
020 _z9781606928219 (hardcover : alk. paper)
020 _z9781614704652 (e-book)
040 _aCaPaEBR
_cCaPaEBR
035 _a(OCoLC)847619674
050 1 4 _aRJ399.C6
_bO325 2009eb
082 0 4 _a616.3/9800835
_222
245 0 0 _aObesity and adolescence
_h[electronic resource] :
_ba public health concern /
_cHatim A. Omar ... [et al.], editors.
260 _aHauppauge, N.Y. :
_bNova Science Publishers,
_cc2009.
300 _axvii, 295 p.
490 1 _aHealth and human development series
504 _aIncludes bibliographical references and index.
533 _aElectronic reproduction.
_bPalo Alto, Calif. :
_cebrary,
_d2013.
_nAvailable via World Wide Web.
_nAccess may be limited to ebrary affiliated libraries.
650 0 _aObesity in adolescence.
655 7 _aElectronic books.
_2local
700 1 _aOmar, Hatim A.
710 2 _aebrary, Inc.
830 0 _aHealth and human development series.
856 4 0 _uhttp://site.ebrary.com/lib/rucke/Doc?id=10678042
_zAn electronic book accessible through the World Wide Web; click to view
999 _c59425
_d59425